000 00885nam a2200289 i 4500
001 bgj
100 1 _aGRAHAM, Carolyn
245 1 0 _aJazz chants old and new /
_cCarolyn Graham ; Marilyn Rosenthal, developmental editor.
260 _aNew York :
_bOxford University Press,
_cc. 2001.
300 _aX, 102 pp ;
_c28 cm.
490 1 _aOxford American English
650 9 _aEnglish language
_xTextbooks for foreign speakers
650 9 _aEnglish language
_xSpoken English
_zUnited States
650 9 _aEnglish language
_xSpoken English
650 9 _aJazz vocals
_xTexts
650 9 _aAmericanisms
650 9 _aChants
650 9 _aReaders
700 1 _aROSENTHAL, Marilyn.
_eeditor
830 _aOxford American English
020 _a0194366944
040 _cBPK
041 0 _aeng
920 _a0-19-436694-4
942 _cKS
008 s uk f |000 0 eng
999 _c48906
_d48906
856 _uhttp://koha.tu.koszalin.pl/cgi-bin/koha/opac-detail.pl?biblionumber=48906
_yKatalog online BPK